|
|
|
|
| LEADER |
00000nam0a2200000 4500 |
| 001 |
342671 |
| 005 |
20231102005458.0 |
| 035 |
|
|
|a (RuTPU)RU\TPU\book\371850
|
| 035 |
|
|
|a RU\TPU\book\359601
|
| 090 |
|
|
|a 342671
|
| 100 |
|
|
|a 20170620d1970 k y0rusy50 ca
|
| 101 |
0 |
|
|a rus
|
| 102 |
|
|
|a RU
|
| 105 |
|
|
|a a z 001zy
|
| 200 |
1 |
|
|a Вопросы геологии и генезиса полезных ископаемых
|e [сборник статей]
|h Вып. 2
|f Ленинградский государственный университет (ЛГУ) ; под ред. В. С. Домарева
|
| 210 |
|
|
|a Ленинград
|c Изд-во Ленинградского ун-та
|d 1970
|
| 215 |
|
|
|a 160 с.
|c ил.
|
| 320 |
|
|
|a Библиография в конце статей
|
| 606 |
1 |
|
|a Полезные ископаемые
|x Геология
|2 stltpush
|3 (RuTPU)RU\TPU\subj\50069
|9 68818
|
| 610 |
1 |
|
|a скарновые месторождения
|
| 610 |
1 |
|
|a пропилиты
|
| 610 |
1 |
|
|a зональность
|
| 610 |
1 |
|
|a полиметаллическое оруденение
|
| 610 |
1 |
|
|a гранитоиды
|
| 610 |
1 |
|
|a золотоносность
|
| 610 |
1 |
|
|a Таджикистан
|
| 610 |
1 |
|
|a металлогения
|
| 610 |
1 |
|
|a Тургайский прогиб
|
| 610 |
1 |
|
|a Приполярный Урал
|
| 610 |
1 |
|
|a пегматиты
|
| 610 |
1 |
|
|a органиты
|
| 610 |
1 |
|
|a классификация
|
| 675 |
|
|
|a 553
|v 4
|
| 702 |
|
1 |
|a Домарев
|b В. С.
|4 340
|
| 712 |
0 |
2 |
|a Ленинградский государственный университет (ЛГУ)
|c (1924-1991)
|2 stltpush
|3 (RuTPU)RU\TPU\col\77
|
| 801 |
|
1 |
|a RU
|b 63413507
|c 20190321
|
| 801 |
|
2 |
|a RU
|b 63413507
|c 20210428
|g RCR
|
| 942 |
|
|
|c BK
|